Xử lý nước thải /
Công trình xử lý nước thải bằng phương pháp cơ học, bằng phương pháp sinh học, xử lý và sử dụng cặn-nước thải, khử trùng nước thải xả nước đã xử lý vào nguồn, sơ đồ chung của trạm xử lý nước thải, cơ sở kỹ thuật quản lý trạm xử lý nước thải....
Zapisane w:
| 1. autor: | |
|---|---|
| Format: | Książka |
| Język: | Vietnamese |
| Wydane: |
Hà Nội :
Xây dựng,
1996.
|
| Hasła przedmiotowe: | |
| Etykiety: |
Dodaj etykietę
Nie ma etykietki, Dołącz pierwszą etykiete!
|
| Thư viện lưu trữ: | Mạng thư viện Đại học Đà Nẵng |
|---|
| LEADER | 01174cam a2200349 i 4500 | ||
|---|---|---|---|
| 001 | 000042615 | ||
| 003 | 489 | ||
| 005 | 20030922104837.0 | ||
| 008 | 010217b1996 vm 000 vie | ||
| 020 | |c 21000 | ||
| 022 | |a T | ||
| 040 | |a IRC |c IRC |d IRC | ||
| 041 | 0 | |a vie | |
| 082 | 1 | 4 | |a 628.16 |b HO-H |
| 100 | 1 | |a Hoàng Huệ, |c PGS. PTS. | |
| 245 | 0 | 0 | |a Xử lý nước thải / |c Hoàng Huệ. |
| 260 | |a Hà Nội : |b Xây dựng, |c 1996. | ||
| 300 | |a 237tr. ; |c 27cm. | ||
| 520 | 3 | |a Công trình xử lý nước thải bằng phương pháp cơ học, bằng phương pháp sinh học, xử lý và sử dụng cặn-nước thải, khử trùng nước thải xả nước đã xử lý vào nguồn, sơ đồ chung của trạm xử lý nước thải, cơ sở kỹ thuật quản lý trạm xử lý nước thải. | |
| 630 | 0 | 4 | |a Nước. |
| 630 | 0 | 4 | |a Xử lý nước thải. |
| 650 | 0 | 4 | |a Nước thải |x Xử lý. |
| OWN | |a DUT | ||
| 999 | |a From the UDN01 | ||
| TYP | |a Monograph | ||
| TYP | |a Printed language | ||
| 980 | |a Mạng thư viện Đại học Đà Nẵng | ||